|
|
|
|
| LEADER |
01134nam a2200277 4500 |
| 001 |
0023794 |
| 003 |
BD-DhAAL |
| 008 |
111123s2001 bg w 000 0 mul d |
| 040 |
|
|
|a BD-DhAAL
|c BD-DhAAL
|
| 082 |
0 |
0 |
|a 348.5492046
|2 22
|
| 245 |
0 |
4 |
|a The Mainstream Law Reports.
|n Volume VI /
|c editor, Khondaker Md. Abu Bakar.
|
| 246 |
1 |
7 |
|a MLR
|
| 260 |
|
|
|a Dhaka :
|b Shahanaj Khondaker,
|c 2001.
|
| 300 |
|
|
|a Various pagings ;
|c 24 cm
|
| 362 |
0 |
|
|a Vol. 6 (2001)
|
| 500 |
|
|
|a Regd. DA-NO 50/95, Vol-VI
|
| 500 |
|
|
|a Citation :6 MLR (AD)(HC)
|
| 500 |
|
|
|a a monthly legal journal
|
| 541 |
|
|
|e 00023794
|
| 650 |
|
0 |
|a Law reports, digests, etc.
|z Bangladesh.
|
| 700 |
1 |
|
|a Abu Bakar, Khondaker Muhammad.
|9 59442
|
| 852 |
1 |
|
|a Ayesha Abed Library
|
| 942 |
|
|
|2 ddc
|c 1HOUR
|
| 999 |
|
|
|c 11491
|d 11491
|
| 952 |
|
|
|0 0
|1 0
|2 ddc
|4 0
|6 348_549200000000000_046_MAI
|7 0
|9 18656
|a BRACUL
|b BRACUL
|c REF
|d 2011-11-23
|g 500.00
|l 2
|o 348.5492046 MAI
|p 3010023794
|r 2014-04-17
|s 2014-04-17
|t 1
|w 2011-11-23
|y 1HOUR
|
| 952 |
|
|
|0 0
|1 0
|2 ddc
|4 0
|6 348_549204600000000_MAI
|7 0
|9 19886
|a BRACUL
|b BRACUL
|c REF
|d 2012-04-04
|l 1
|o 348.5492046 MAI
|p 3010024865
|r 2012-07-12
|s 2012-07-01
|t 2
|w 2012-04-04
|y 1HOUR
|